| 000 | 00439nam a2200181Ia 4500 | ||
|---|---|---|---|
| 001 | 9032 | ||
| 005 | 20260306160653.0 | ||
| 008 | 260306t2006||||xx |||||||||||||| ||spa|| | ||
| 041 | _aESP | ||
| 082 |
_a372.372 _bR93 |
||
| 100 |
_aRuiz Gamio, Xiomara _eAUT |
||
| 245 | 0 | _aFamilia, escuela y educación de la sexualidad | |
| 260 | _c2006 | ||
| 300 |
_a196 páginas : _ccm. |
||
| 650 | _aGEN | ||
| 654 | _aCED | ||
| 942 |
_cLIB _dJUS _fJUS _2ddc _n |
||
| 999 |
_c9032 _d9032 |
||